Loading...

High school english grammar and composition

Bibliographic Details
Main Author: Wren, P C, et al
Format: Printed Book
Published: S Chand & Co. Ltd., New Delhi 1991
Subjects:
LEADER 00486nam a2200157 4500
082 |a 425 WRE-H 
100 |a Wren, P C, et al. 
245 |a High school english grammar and composition  |c Wren, P C, et al. 
250
260 |a S Chand & Co. Ltd., New Delhi  |c 1991 
300 |a 419 p 
490
650 |a English structural system 
942 |c BK 
999 |c 125387  |d 125387 
952 |0 0  |1 0  |4 0  |6 425_000000000000000_WREH  |7 0  |9 138849  |a COM  |b COM  |l 0  |o 425 WRE-H  |p COM01638  |r 2019-10-24  |w 2019-10-24  |y BK